ბათუმის შოთა რუსთაველის სახელმწიფო უნივერსიტეტის ბიბლიოთეკა

Learning to Practise Social Work: (ბიბ.ჩანაწერი № 59664)

000 -LEADER
fixed length control field 00739nam a22001937a 4500
005 - DATE AND TIME OF LATEST TRANSACTION
control field 20230330143343.0
008 - FIXED-LENGTH DATA ELEMENTS--GENERAL INFORMATION
fixed length control field 230330s2002 enk||||| |||| 00| 0 eng d
020 ## - INTERNATIONAL STANDARD BOOK NUMBER
International Standard Book Number 9781853027635
041 ## - LANGUAGE CODE
Language code of text/sound track or separate title eng
080 ## - UNIVERSAL DECIMAL CLASSIFICATION NUMBER
Universal Decimal Classification number 364 L-44
245 ## - TITLE STATEMENT
Title Learning to Practise Social Work:
Remainder of title International Approaches /
Statement of responsibility, etc. Edited Shardlow, Steven M. and Doel, Mark.
264 ## - PRODUCTION, PUBLICATION, DISTRIBUTION, MANUFACTURE, AND COPYRIGHT NOTICE
Place of production, publication, distribution, manufacture London :
Name of producer, publisher, distributor, manufacturer Jessica Kingsley Publishers,
Date of production, publication, distribution, manufacture, or copyright notice 2002.
300 ## - PHYSICAL DESCRIPTION
Extent 272 p.
Other physical details 24 cm.
653 ## - INDEX TERM--UNCONTROLLED
keyword სოციალური სამსახური
653 ## - INDEX TERM--UNCONTROLLED
keyword საერთაშორისო მიდგომები
700 ## - ADDED ENTRY--PERSONAL NAME
Personal name Shardlow, Steven M.
Relator term რედაქტორი
9 (RLIN) 17375
700 ## - ADDED ENTRY--PERSONAL NAME
Personal name Doel, Mark
Relator term რედაქტორი
9 (RLIN) 17295
942 ## - ADDED ENTRY ELEMENTS (KOHA)
Source of classification or shelving scheme
Koha item type წიგნი
ეგზემპლარები
Withdrawn status Lost status Source of classification or shelving scheme Damaged status Not for loan Permanent Location Current Location Shelving location Date acquired Cost, normal purchase price Full call number Barcode Date last seen Copy number Price effective from Koha item type Public note
          ბათუმის შოთა რუსთაველის სახელმწიფო უნივერსიტეტის მთავარი ბიბლიოთეკა ბათუმის შოთა რუსთაველის სახელმწიფო უნივერსიტეტის მთავარი ბიბლიოთეკა წიგნსაცავი 2023-03-30 10.00 364 L-44 64123 2023-03-30 64123 2023-03-30 წიგნი 10 ლ.